[Event "DEM U18w 2023"]
[Site "Willingen GER"]
[Date "2023.06.02"]
[Round "8"]
[White "Reuter, Elisa"]
[Black "Heutling, Elina"]
[Result "1-0"]
[Termination "normal"]
[Board "1"]
[WhiteTitle "WCM"]
[WhiteElo "1944"]
[BlackElo "1878"]
[WhiteClock "00:42:43"]
[BlackClock "00:28:50"]
[PlyCount "89"]
[WhiteFideId "12995444"]
[BlackFideId "16244729"]
[EventCountry "GER"]
[EventRounds "9"]
[EventType "swiss"]
[EventDate "2023.05.27"]

1. e4 {[%clk 01:30:59]} c5 {[%clk 01:30:50]} {[%emt 00:00:10]} 2. Nf3 {[%clk
01:31:25]} {[%emt 00:00:04]} d6 {[%clk 01:31:17]} {[%emt 00:00:04]} 3. d4
{[%clk 01:31:51]} {[%emt 00:00:04]} cxd4 {[%clk 01:31:43]} {[%emt 00:00:04]} 4.
Nxd4 {[%clk 01:32:17]} {[%emt 00:00:04]} Nf6 {[%clk 01:32:09]} {[%emt
00:00:04]} 5. Nc3 {[%clk 01:32:43]} {[%emt 00:00:04]} a6 {[%clk 01:32:36]}
{[%emt 00:00:03]} 6. Be2 {[%clk 01:33:09]} {[%emt 00:00:04]} e5 {[%clk
01:32:57]} {[%emt 00:00:09]} 7. Nb3 {[%clk 01:33:35]} {[%emt 00:00:04]} Be7
{[%clk 01:33:21]} {[%emt 00:00:06]} 8. O-O {[%clk 01:34:01]} {[%emt 00:00:04]}
O-O {[%clk 01:33:45]} {[%emt 00:00:06]} 9. Kh1 {[%clk 01:34:28]} {[%emt
00:00:02]} b6 {[%clk 01:33:02]} {[%emt 00:01:14]} 10. Be3 {[%clk 01:34:10]}
{[%emt 00:00:47]} Bb7 {[%clk 01:33:12]} {[%emt 00:00:20]} 11. f3 {[%clk
01:34:35]} {[%emt 00:00:06]} b5 {[%clk 01:30:52]} {[%emt 00:02:50]} 12. a4
{[%clk 01:33:59]} {[%emt 00:01:05]} b4 {[%clk 01:31:16]} {[%emt 00:00:06]} 13.
Nd5 {[%clk 01:34:25]} {[%emt 00:00:04]} Nxd5 {[%clk 01:31:11]} {[%emt
00:00:35]} 14. exd5 {[%clk 01:34:46]} {[%emt 00:00:09]} Nd7 {[%clk 01:29:23]}
{[%emt 00:02:18]} 15. c3 {[%clk 01:32:33]} {[%emt 00:02:44]} bxc3 {[%clk
01:29:46]} {[%emt 00:00:07]} 16. bxc3 {[%clk 01:33:00]} {[%emt 00:00:03]} Bg5
{[%clk 01:26:32]} {[%emt 00:03:44]} 17. Bxg5 {[%clk 01:15:45]} {[%emt
00:17:45]} Qxg5 {[%clk 01:26:54]} {[%emt 00:00:07]} 18. a5 {[%clk 01:12:45]}
{[%emt 00:03:31]} f5 {[%clk 00:57:53]} {[%emt 00:29:31]} 19. c4 {[%clk
00:59:38]} {[%emt 00:13:37]} Rf6 {[%clk 00:43:54]} {[%emt 00:14:28]} 20. Qd2
{[%clk 00:48:21]} {[%emt 00:11:47]} f4 {[%clk 00:38:39]} {[%emt 00:05:45]} 21.
Bd3 {[%clk 00:45:11]} {[%emt 00:06:09]} Rh6 {[%clk 00:36:27]} {[%emt 00:00:13]}
22. g3 {[%clk 00:42:22]} {[%emt 00:03:19]} Qxg3 {[%clk 00:35:23]} {[%emt
00:01:34]} 23. Qg2 {[%clk 00:36:33]} {[%emt 00:06:19]} Qh4 {[%clk 00:27:05]}
{[%emt 00:08:48]} 24. Rg1 {[%clk 00:30:05]} {[%emt 00:06:58]} g6 {[%clk
00:26:49]} {[%emt 00:00:46]} 25. Ra2 {[%clk 00:27:45]} {[%emt 00:02:50]} Nf6
{[%clk 00:19:02]} {[%emt 00:08:17]} 26. Qg5 {[%clk 00:25:55]} {[%emt 00:02:19]}
Qxg5 {[%clk 00:18:43]} {[%emt 00:00:49]} 27. Rxg5 {[%clk 00:26:20]} {[%emt
00:00:05]} Bc8 {[%clk 00:16:12]} {[%emt 00:03:01]} 28. Nd2 {[%clk 00:24:25]}
{[%emt 00:02:25]} Rb8 {[%clk 00:11:31]} {[%emt 00:05:13]} 29. Rg1 {[%clk
00:23:07]} {[%emt 00:01:48]} Rh3 {[%clk 00:07:58]} {[%emt 00:04:03]} 30. Rb1
{[%clk 00:19:08]} {[%emt 00:04:29]} Rxb1+ {[%clk 00:07:52]} {[%emt 00:00:36]}
31. Bxb1 {[%clk 00:19:32]} {[%emt 00:00:05]} Bf5 {[%clk 00:02:54]} {[%emt
00:05:29]} 32. Rb2 {[%clk 00:18:33]} {[%emt 00:01:30]} Bxb1 {[%clk 00:02:58]}
{[%emt 00:00:26]} 33. Rxb1 {[%clk 00:19:00]} {[%emt 00:00:03]} e4 {[%clk
00:02:34]} {[%emt 00:00:54]} 34. Kg2 {[%clk 00:17:51]} {[%emt 00:01:38]} Rh5
{[%clk 00:02:46]} {[%emt 00:00:18]} 35. Nxe4 {[%clk 00:17:39]} {[%emt
00:00:43]} Nxe4 {[%clk 00:02:13]} {[%emt 00:01:03]} 36. fxe4 {[%clk 00:18:04]}
{[%emt 00:00:04]} f3+ {[%clk 00:01:16]} {[%emt 00:01:26]} 37. Kxf3 {[%clk
00:16:42]} {[%emt 00:01:52]} Rh3+ {[%clk 00:00:53]} {[%emt 00:00:53]} 38. Kf4
{[%clk 00:16:06]} {[%emt 00:01:06]} Rc3 {[%clk 00:00:38]} {[%emt 00:00:46]} 39.
Rb6 {[%clk 00:16:01]} {[%emt 00:00:34]} Rxc4 {[%clk 00:01:03]} {[%emt
00:00:05]} 40. Rxd6 {[%clk 00:16:28]} {[%emt 00:00:03]} Kf7 {[%clk 00:00:46]}
{[%emt 00:00:47]} 41. Rxa6 {[%clk 00:16:34]} {[%emt 00:00:24]} Ra4 {[%clk
00:29:10]} {[%emt 00:02:05]} 42. Ke5 {[%clk 00:43:34]} {[%emt 00:03:31]} Ke7
{[%clk 00:28:01]} {[%emt 00:01:39]} 43. Ra7+ {[%clk 00:42:39]} {[%emt
00:01:25]} Ke8 {[%clk 00:28:25]} {[%emt 00:00:06]} 44. Rxh7 {[%clk 00:42:53]}
{[%emt 00:00:17]} Rxa5 {[%clk 00:28:50]} {[%emt 00:00:06]} 45. Ke6 {[%clk
00:42:43]} {[%emt 00:00:39]} 1-0

[Event "DEM U18w 2023"]
[Site "Willingen GER"]
[Date "2023.06.02"]
[Round "8"]
[White "Wagner, Margarethe"]
[Black "Adelhardt, Lisa"]
[Result "1-0"]
[Termination "normal"]
[Board "2"]
[WhiteElo "1831"]
[BlackElo "1656"]
[WhiteClock "00:05:21"]
[BlackClock "00:03:36"]
[PlyCount "139"]
[WhiteFideId "16236947"]
[BlackFideId "16235380"]
[EventCountry "GER"]
[EventRounds "9"]
[EventType "swiss"]
[EventDate "2023.05.27"]

1. e4 {[%clk 01:30:58]} {[%emt 00:00:01]} c5 {[%clk 01:30:45]} {[%emt
00:00:15]} 2. Nf3 {[%clk 01:31:21]} {[%emt 00:00:07]} Nc6 {[%clk 01:31:09]}
{[%emt 00:00:06]} 3. d4 {[%clk 01:31:45]} {[%emt 00:00:07]} cxd4 {[%clk
01:31:21]} {[%emt 00:00:18]} 4. Nxd4 {[%clk 01:32:06]} {[%emt 00:00:08]} e6
{[%clk 01:30:22]} {[%emt 00:01:30]} 5. Be3 {[%clk 01:24:23]} {[%emt 00:08:13]}
Nf6 {[%clk 01:28:13]} {[%emt 00:02:39]} 6. Nxc6 {[%clk 01:18:33]} {[%emt
00:06:19]} bxc6 {[%clk 01:28:04]} {[%emt 00:00:39]} 7. Bd3 {[%clk 01:18:52]}
{[%emt 00:00:11]} d5 {[%clk 01:21:29]} {[%emt 00:07:04]} 8. exd5 {[%clk
01:15:08]} {[%emt 00:04:15]} cxd5 {[%clk 01:21:50]} {[%emt 00:00:09]} 9. O-O
{[%clk 01:14:50]} {[%emt 00:00:48]} Be7 {[%clk 01:19:57]} {[%emt 00:02:22]} 10.
Bd4 {[%clk 01:09:38]} {[%emt 00:05:43]} O-O {[%clk 01:14:51]} {[%emt 00:05:36]}
11. Re1 {[%clk 01:03:46]} {[%emt 00:06:23]} Re8 {[%clk 01:02:42]} {[%emt
00:12:39]} 12. Nd2 {[%clk 01:02:38]} {[%emt 00:01:38]} Nd7 {[%clk 00:56:26]}
{[%emt 00:06:46]} 13. Nf3 {[%clk 00:53:38]} {[%emt 00:09:30]} Bf6 {[%clk
00:52:39]} {[%emt 00:04:17]} 14. Bb5 {[%clk 00:42:52]} {[%emt 00:11:16]} Rb8
{[%clk 00:38:22]} {[%emt 00:14:47]} 15. Bxd7 {[%clk 00:36:02]} {[%emt
00:07:19]} Qxd7 {[%clk 00:35:24]} {[%emt 00:03:28]} 16. b3 {[%clk 00:33:34]}
{[%emt 00:02:59]} Bxd4 {[%clk 00:33:27]} {[%emt 00:02:27]} 17. Qxd4 {[%clk
00:32:56]} {[%emt 00:01:07]} f6 {[%clk 00:31:15]} {[%emt 00:02:42]} 18. Rad1
{[%clk 00:29:57]} {[%emt 00:03:29]} Qc7 {[%clk 00:27:06]} {[%emt 00:04:39]} 19.
Qd3 {[%clk 00:18:16]} {[%emt 00:12:12]} Rb6 {[%clk 00:19:19]} {[%emt 00:08:17]}
20. Qd2 {[%clk 00:11:04]} {[%emt 00:07:42]} Kf7 {[%clk 00:18:18]} {[%emt
00:01:30]} 21. Rc1 {[%clk 00:10:51]} {[%emt 00:00:44]} Ba6 {[%clk 00:16:02]}
{[%emt 00:02:45]} 22. Nd4 {[%clk 00:10:10]} {[%emt 00:01:11]} e5 {[%clk
00:12:44]} {[%emt 00:03:49]} 23. Nf5 {[%clk 00:10:05]} {[%emt 00:00:35]} Qd7
{[%clk 00:09:17]} {[%emt 00:03:57]} 24. Ne3 {[%clk 00:09:04]} {[%emt 00:01:30]}
Rd6 {[%clk 00:05:46]} {[%emt 00:04:01]} 25. Qd1 {[%clk 00:09:20]} {[%emt
00:00:14]} g6 {[%clk 00:05:41]} {[%emt 00:00:35]} 26. Qf3 {[%clk 00:08:16]}
{[%emt 00:01:34]} Bb7 {[%clk 00:05:18]} {[%emt 00:00:54]} 27. Qg3 {[%clk
00:07:16]} {[%emt 00:01:30]} f5 {[%clk 00:02:55]} {[%emt 00:02:54]} 28. Qh4
{[%clk 00:05:38]} {[%emt 00:02:08]} Kg7 {[%clk 00:03:06]} {[%emt 00:00:19]} 29.
Qb4 {[%clk 00:05:16]} {[%emt 00:00:52]} Qc6 {[%clk 00:02:53]} {[%emt 00:00:44]}
30. f3 {[%clk 00:04:27]} {[%emt 00:01:19]} Qb6 {[%clk 00:01:54]} {[%emt
00:01:30]} 31. Qxb6 {[%clk 00:04:13]} {[%emt 00:00:44]} axb6 {[%clk 00:01:38]}
{[%emt 00:00:46]} 32. a4 {[%clk 00:03:49]} {[%emt 00:00:53]} Ba6 {[%clk
00:01:25]} {[%emt 00:00:42]} 33. c4 {[%clk 00:02:26]} {[%emt 00:01:54]} dxc4
{[%clk 00:01:27]} {[%emt 00:00:28]} 34. Nxc4 {[%clk 00:02:43]} {[%emt
00:00:13]} Bxc4 {[%clk 00:01:38]} {[%emt 00:00:20]} 35. Rxc4 {[%clk 00:03:08]}
{[%emt 00:00:05]} Re7 {[%clk 00:01:47]} {[%emt 00:00:21]} 36. Rec1 {[%clk
00:02:54]} {[%emt 00:00:44]} Kf6 {[%clk 00:01:15]} {[%emt 00:01:02]} 37. b4
{[%clk 00:02:02]} {[%emt 00:01:21]} Ra7 {[%clk 00:00:55]} {[%emt 00:00:50]} 38.
b5 {[%clk 00:01:39]} {[%emt 00:00:53]} Ke6 {[%clk 00:01:09]} {[%emt 00:00:17]}
39. Kf1 {[%clk 00:01:45]} {[%emt 00:00:24]} Kd7 {[%clk 00:00:42]} {[%emt
00:00:57]} 40. Ke2 {[%clk 00:01:59]} {[%emt 00:00:15]} Rd5 {[%clk 00:00:33]}
{[%emt 00:00:39]} 41. R1c3 {[%clk 00:22:38]} {[%emt 00:09:51]} Rd6 {[%clk
00:24:08]} {[%emt 00:06:53]} 42. Rh4 {[%clk 00:19:46]} {[%emt 00:03:24]} Ke6
{[%clk 00:22:11]} {[%emt 00:02:27]} 43. Rhc4 {[%clk 00:18:50]} {[%emt
00:01:27]} Rad7 {[%clk 00:17:47]} {[%emt 00:04:54]} 44. Rc6 {[%clk 00:18:45]}
{[%emt 00:00:35]} Ke7 {[%clk 00:16:37]} {[%emt 00:01:40]} 45. Rxd6 {[%clk
00:14:22]} {[%emt 00:04:53]} Rxd6 {[%clk 00:16:54]} {[%emt 00:00:13]} 46. Rc7+
{[%clk 00:14:27]} {[%emt 00:00:24]} Rd7 {[%clk 00:16:55]} {[%emt 00:00:30]} 47.
Rc8 {[%clk 00:14:14]} {[%emt 00:00:42]} Rd4 {[%clk 00:06:40]} {[%emt 00:10:45]}
48. Rc7+ {[%clk 00:11:47]} {[%emt 00:02:58]} Rd7 {[%clk 00:06:42]} {[%emt
00:00:28]} 49. Rc4 {[%clk 00:11:06]} {[%emt 00:01:10]} Rd6 {[%clk 00:05:16]}
{[%emt 00:01:57]} 50. g3 {[%clk 00:08:57]} {[%emt 00:02:40]} Kd7 {[%clk
00:05:15]} {[%emt 00:00:30]} 51. h4 {[%clk 00:07:27]} {[%emt 00:02:00]} h6
{[%clk 00:03:30]} {[%emt 00:02:15]} 52. Ke3 {[%clk 00:07:15]} {[%emt 00:00:42]}
h5 {[%clk 00:02:25]} {[%emt 00:01:36]} 53. Ke2 {[%clk 00:05:09]} {[%emt
00:02:35]} Ke6 {[%clk 00:02:08]} {[%emt 00:00:47]} 54. Ke3 {[%clk 00:02:35]}
{[%emt 00:03:04]} Kd5 {[%clk 00:01:41]} {[%emt 00:00:56]} 55. Kd3 {[%clk
00:02:40]} {[%emt 00:00:25]} Re6 {[%clk 00:01:08]} {[%emt 00:01:03]} 56. Rc8
{[%clk 00:02:33]} {[%emt 00:00:37]} e4+ {[%clk 00:00:52]} {[%emt 00:00:47]} 57.
fxe4+ {[%clk 00:02:58]} {[%emt 00:00:06]} fxe4+ {[%clk 00:01:17]} {[%emt
00:00:05]} 58. Ke3 {[%clk 00:03:19]} {[%emt 00:00:08]} Ke5 {[%clk 00:00:49]}
{[%emt 00:00:58]} 59. Rc4 {[%clk 00:03:08]} {[%emt 00:00:41]} Kf5 {[%clk
00:00:42]} {[%emt 00:00:38]} 60. Rc6 {[%clk 00:03:09]} {[%emt 00:00:29]} Rxc6
{[%clk 00:00:34]} {[%emt 00:00:37]} 61. bxc6 {[%clk 00:03:35]} {[%emt
00:00:04]} Ke6 {[%clk 00:00:56]} {[%emt 00:00:08]} 62. c7 {[%clk 00:02:43]}
{[%emt 00:01:22]} Kd7 {[%clk 00:01:16]} {[%emt 00:00:10]} 63. c8=Q+ {[%clk
00:03:06]} {[%emt 00:00:06]} Kxc8 {[%clk 00:01:43]} {[%emt 00:00:03]} 64. Kxe4
{[%clk 00:03:31]} {[%emt 00:00:05]} Kd7 {[%clk 00:01:48]} {[%emt 00:00:25]} 65.
Kd5 {[%clk 00:03:25]} {[%emt 00:00:37]} Kc7 {[%clk 00:01:59]} {[%emt 00:00:19]}
66. Ke6 {[%clk 00:03:40]} {[%emt 00:00:14]} Kc6 {[%clk 00:02:24]} {[%emt
00:00:04]} 67. Kf6 {[%clk 00:04:06]} {[%emt 00:00:04]} Kc5 {[%clk 00:02:49]}
{[%emt 00:00:05]} 68. Kxg6 {[%clk 00:04:31]} {[%emt 00:00:05]} Kb4 {[%clk
00:03:12]} {[%emt 00:00:07]} 69. Kxh5 {[%clk 00:04:56]} {[%emt 00:00:05]} Kxa4
{[%clk 00:03:36]} {[%emt 00:00:06]} 70. g4 {[%clk 00:05:21]} {[%emt 00:00:05]}
1-0

[Event "DEM U18w 2023"]
[Site "Willingen GER"]
[Date "2023.06.02"]
[Round "8"]
[White "Cordes, Jule"]
[Black "Gröschel, Karoline"]
[Result "0-1"]
[Termination "normal"]
[Board "3"]
[WhiteElo "1744"]
[BlackElo "1892"]
[WhiteClock "00:01:30"]
[BlackClock "00:19:13"]
[PlyCount "108"]
[WhiteFideId "1060708"]
[BlackFideId "34610537"]
[EventCountry "GER"]
[EventRounds "9"]
[EventType "swiss"]
[EventDate "2023.05.27"]

1. d4 {[%clk 01:30:57]} {[%emt 00:00:02]} Nf6 {[%clk 01:30:57]} {[%emt
00:00:04]} 2. c4 {[%clk 01:31:20]} {[%emt 00:00:07]} e6 {[%clk 01:31:24]}
{[%emt 00:00:03]} 3. Nc3 {[%clk 01:31:37]} {[%emt 00:00:12]} Bb4 {[%clk
01:31:49]} {[%emt 00:00:06]} 4. Qc2 {[%clk 01:31:55]} {[%emt 00:00:12]} O-O
{[%clk 01:32:14]} {[%emt 00:00:06]} 5. Nf3 {[%clk 01:32:14]} {[%emt 00:00:10]}
d5 {[%clk 01:32:40]} {[%emt 00:00:04]} 6. cxd5 {[%clk 01:32:10]} {[%emt
00:00:34]} exd5 {[%clk 01:32:48]} {[%emt 00:00:22]} 7. Bg5 {[%clk 01:31:54]}
{[%emt 00:00:45]} c5 {[%clk 01:32:01]} {[%emt 00:01:17]} 8. e3 {[%clk
01:20:13]} {[%emt 00:12:12]} c4 {[%clk 01:14:19]} {[%emt 00:18:13]} 9. Be2
{[%clk 01:20:18]} {[%emt 00:00:24]} h6 {[%clk 01:10:18]} {[%emt 00:04:32]} 10.
Bh4 {[%clk 01:19:21]} {[%emt 00:01:26]} g5 {[%clk 01:07:49]} {[%emt 00:02:59]}
11. Bg3 {[%clk 01:13:08]} {[%emt 00:06:43]} Ne4 {[%clk 01:07:32]} {[%emt
00:00:46]} 12. O-O {[%clk 01:11:32]} {[%emt 00:02:06]} Bxc3 {[%clk 01:03:53]}
{[%emt 00:04:10]} 13. bxc3 {[%clk 01:11:52]} {[%emt 00:00:10]} Bf5 {[%clk
01:00:53]} {[%emt 00:03:29]} 14. Qb2 {[%clk 01:08:22]} {[%emt 00:04:00]} Qb6
{[%clk 00:56:57]} {[%emt 00:04:27]} 15. Qa3 {[%clk 01:03:53]} {[%emt 00:05:00]}
Nc6 {[%clk 00:46:20]} {[%emt 00:11:06]} 16. Rfc1 {[%clk 00:45:25]} {[%emt
00:18:57]} Qa5 {[%clk 00:44:00]} {[%emt 00:02:51]} 17. Qb2 {[%clk 00:44:25]}
{[%emt 00:01:30]} b5 {[%clk 00:40:30]} {[%emt 00:04:00]} 18. a3 {[%clk
00:24:46]} {[%emt 00:20:10]} Qb6 {[%clk 00:35:00]} {[%emt 00:06:00]} 19. Nd2
{[%clk 00:22:04]} {[%emt 00:03:11]} Nxg3 {[%clk 00:22:26]} {[%emt 00:13:03]}
20. hxg3 {[%clk 00:22:07]} {[%emt 00:00:27]} Rfd8 {[%clk 00:18:01]} {[%emt
00:04:56]} 21. g4 {[%clk 00:10:58]} {[%emt 00:11:39]} Bg6 {[%clk 00:17:19]}
{[%emt 00:01:12]} 22. Bf3 {[%clk 00:09:32]} {[%emt 00:01:56]} Na5 {[%clk
00:11:36]} {[%emt 00:06:13]} 23. Re1 {[%clk 00:07:47]} {[%emt 00:02:14]} Rab8
{[%clk 00:09:11]} {[%emt 00:02:56]} 24. e4 {[%clk 00:04:50]} {[%emt 00:03:27]}
dxe4 {[%clk 00:08:35]} {[%emt 00:01:06]} 25. Nxe4 {[%clk 00:01:29]} {[%emt
00:03:51]} Nb3 {[%clk 00:07:28]} {[%emt 00:01:37]} 26. Rad1 {[%clk 00:01:53]}
{[%emt 00:00:07]} a5 {[%clk 00:06:49]} {[%emt 00:01:09]} 27. Nd2 {[%clk
00:01:24]} {[%emt 00:00:59]} Nxd2 {[%clk 00:06:33]} {[%emt 00:00:46]} 28. Rxd2
{[%clk 00:00:40]} {[%emt 00:01:13]} b4 {[%clk 00:06:21]} {[%emt 00:00:42]} 29.
axb4 {[%clk 00:00:35]} {[%emt 00:00:35]} axb4 {[%clk 00:06:41]} {[%emt
00:00:11]} 30. cxb4 {[%clk 00:00:37]} {[%emt 00:00:28]} Qxb4 {[%clk 00:06:38]}
{[%emt 00:00:33]} 31. Qxb4 {[%clk 00:00:34]} {[%emt 00:00:33]} Rxb4 {[%clk
00:07:01]} {[%emt 00:00:07]} 32. Rc1 {[%clk 00:00:38]} {[%emt 00:00:25]} Bd3
{[%clk 00:06:04]} {[%emt 00:01:28]} 33. d5 {[%clk 00:00:44]} {[%emt 00:00:24]}
Rd6 {[%clk 00:05:52]} {[%emt 00:00:42]} 34. Ra2 {[%clk 00:00:33]} {[%emt
00:00:41]} Kg7 {[%clk 00:05:14]} {[%emt 00:01:08]} 35. Ra7 {[%clk 00:00:35]}
{[%emt 00:00:28]} Kf6 {[%clk 00:03:28]} {[%emt 00:02:16]} 36. Rc7 {[%clk
00:00:37]} {[%emt 00:00:28]} Rdb6 {[%clk 00:00:55]} {[%emt 00:03:03]} 37. Kh2
{[%clk 00:00:33]} {[%emt 00:00:34]} Rb2 {[%clk 00:01:03]} {[%emt 00:00:22]} 38.
Kg3 {[%clk 00:00:42]} {[%emt 00:00:21]} Rd6 {[%clk 00:00:45]} {[%emt 00:00:48]}
39. Rc8 {[%clk 00:00:33]} {[%emt 00:00:39]} Ke5 {[%clk 00:00:48]} {[%emt
00:00:27]} 40. Rc6 {[%clk 00:00:37]} {[%emt 00:00:26]} Rb6 {[%clk 00:00:47]}
{[%emt 00:00:32]} 41. Kh2 {[%clk 00:24:37]} {[%emt 00:06:30]} Rdxc6 {[%clk
00:23:58]} {[%emt 00:07:18]} 42. dxc6 {[%clk 00:24:28]} {[%emt 00:00:39]} Kd6
{[%clk 00:23:05]} {[%emt 00:01:23]} 43. Kg1 {[%clk 00:10:22]} {[%emt 00:14:36]}
Rb3 {[%clk 00:20:48]} {[%emt 00:02:47]} 44. Bd5 {[%clk 00:09:35]} {[%emt
00:01:17]} Rb4 {[%clk 00:19:11]} {[%emt 00:02:07]} 45. g3 {[%clk 00:00:54]}
{[%emt 00:09:11]} Kc7 {[%clk 00:19:03]} {[%emt 00:00:38]} 46. Kg2 {[%clk
00:00:48]} {[%emt 00:00:36]} f6 {[%clk 00:18:41]} {[%emt 00:00:52]} 47. Kg1
{[%clk 00:00:37]} {[%emt 00:00:40]} Rb5 {[%clk 00:18:55]} {[%emt 00:00:17]} 48.
Bf3 {[%clk 00:00:33]} {[%emt 00:00:34]} Rc5 {[%clk 00:19:12]} {[%emt 00:00:13]}
49. Rc3 {[%clk 00:00:39]} {[%emt 00:00:23]} Kd6 {[%clk 00:19:29]} {[%emt
00:00:14]} 50. Bg2 {[%clk 00:00:32]} {[%emt 00:00:36]} Ke5 {[%clk 00:19:31]}
{[%emt 00:00:27]} 51. Bf1 {[%clk 00:00:35]} {[%emt 00:00:27]} Bxf1 {[%clk
00:18:56]} {[%emt 00:01:05]} 52. Kxf1 {[%clk 00:01:04]} {[%emt 00:00:01]} Kd4
{[%clk 00:19:12]} {[%emt 00:00:14]} 53. Rc1 {[%clk 00:01:16]} {[%emt 00:00:19]}
Rxc6 {[%clk 00:19:11]} {[%emt 00:00:31]} 54. Ke2 {[%clk 00:01:30]} {[%emt
00:00:15]} c3 {[%clk 00:19:13]} {[%emt 00:00:28]} 0-1

[Event "DEM U18w 2023"]
[Site "Willingen GER"]
[Date "2023.06.02"]
[Round "8"]
[White "Buchholz, Maja"]
[Black "Hafermann, Lara"]
[Result "1-0"]
[Termination "normal"]
[Board "5"]
[WhiteElo "1899"]
[BlackElo "1498"]
[WhiteClock "00:19:57"]
[BlackClock "00:01:37"]
[PlyCount "67"]
[WhiteFideId "16200500"]
[BlackFideId "16298306"]
[EventCountry "GER"]
[EventRounds "9"]
[EventType "swiss"]
[EventDate "2023.05.27"]

1. c4 {[%clk 01:30:57]} {[%emt 00:00:02]} Nf6 {[%clk 01:30:48]} {[%emt
00:00:13]} 2. g3 {[%clk 01:31:16]} {[%emt 00:00:10]} e6 {[%clk 01:31:07]}
{[%emt 00:00:11]} 3. Bg2 {[%clk 01:31:37]} {[%emt 00:00:09]} d5 {[%clk
01:31:19]} {[%emt 00:00:19]} 4. Nf3 {[%clk 01:31:58]} {[%emt 00:00:08]} Be7
{[%clk 01:31:39]} {[%emt 00:00:11]} 5. b3 {[%clk 01:32:11]} {[%emt 00:00:17]}
b6 {[%clk 01:31:05]} {[%emt 00:01:04]} 6. cxd5 {[%clk 01:32:04]} {[%emt
00:00:37]} Nxd5 {[%clk 01:31:18]} {[%emt 00:00:17]} 7. Bb2 {[%clk 01:31:26]}
{[%emt 00:01:08]} O-O {[%clk 01:30:56]} {[%emt 00:00:52]} 8. O-O {[%clk
01:29:59]} {[%emt 00:01:57]} Bb7 {[%clk 01:31:19]} {[%emt 00:00:07]} 9. d4
{[%clk 01:29:12]} {[%emt 00:01:17]} c5 {[%clk 01:30:28]} {[%emt 00:01:20]} 10.
Nbd2 {[%clk 01:14:48]} {[%emt 00:14:54]} Nd7 {[%clk 01:22:50]} {[%emt
00:08:09]} 11. Nc4 {[%clk 01:09:54]} {[%emt 00:05:24]} Rc8 {[%clk 01:16:32]}
{[%emt 00:06:48]} 12. Rc1 {[%clk 01:05:36]} {[%emt 00:04:48]} Rc7 {[%clk
01:12:43]} {[%emt 00:04:19]} 13. e4 {[%clk 00:46:58]} {[%emt 00:19:08]} N5f6
{[%clk 01:05:15]} {[%emt 00:07:58]} 14. e5 {[%clk 00:46:31]} {[%emt 00:00:58]}
Nd5 {[%clk 01:05:37]} {[%emt 00:00:07]} 15. h4 {[%clk 00:42:06]} {[%emt
00:04:55]} h6 {[%clk 01:04:16]} {[%emt 00:01:51]} 16. Qe2 {[%clk 00:40:24]}
{[%emt 00:02:13]} Qa8 {[%clk 01:01:24]} {[%emt 00:03:21]} 17. Rfd1 {[%clk
00:40:04]} {[%emt 00:00:49]} Rfc8 {[%clk 01:01:16]} {[%emt 00:00:38]} 18. Ba1
{[%clk 00:35:35]} {[%emt 00:05:00]} a6 {[%clk 00:55:08]} {[%emt 00:06:38]} 19.
Bb2 {[%clk 00:35:07]} {[%emt 00:00:57]} a5 {[%clk 00:46:49]} {[%emt 00:10:58]}
20. a4 {[%clk 00:33:26]} {[%emt 00:00:02]} Nb4 {[%clk 00:46:49]} {[%emt
00:00:30]} 21. Kh2 {[%clk 00:30:17]} {[%emt 00:03:39]} g5 {[%clk 00:45:22]}
{[%emt 00:01:58]} 22. Bh1 {[%clk 00:29:49]} {[%emt 00:00:58]} g4 {[%clk
00:37:41]} {[%emt 00:08:10]} 23. Nfd2 {[%clk 00:29:48]} {[%emt 00:00:31]} h5
{[%clk 00:37:56]} {[%emt 00:00:14]} 24. f3 {[%clk 00:28:16]} {[%emt 00:02:03]}
cxd4 {[%clk 00:34:04]} {[%emt 00:04:22]} 25. Bxd4 {[%clk 00:27:50]} {[%emt
00:00:56]} Bc5 {[%clk 00:32:51]} {[%emt 00:01:43]} 26. Bb2 {[%clk 00:26:14]}
{[%emt 00:02:06]} Kh8 {[%clk 00:25:27]} {[%emt 00:07:54]} 27. fxg4 {[%clk
00:24:07]} {[%emt 00:02:38]} Bxh1 {[%clk 00:25:38]} {[%emt 00:00:19]} 28. Rxh1
{[%clk 00:24:31]} {[%emt 00:00:05]} hxg4 {[%clk 00:23:52]} {[%emt 00:02:17]}
29. Qxg4 {[%clk 00:24:07]} {[%emt 00:00:54]} Qd5 {[%clk 00:15:02]} {[%emt
00:09:20]} 30. Rcf1 {[%clk 00:20:49]} {[%emt 00:03:46]} Rf8 {[%clk 00:09:43]}
{[%emt 00:05:49]} 31. Rf4 {[%clk 00:20:22]} {[%emt 00:00:57]} Qd3 {[%clk
00:05:49]} {[%emt 00:04:25]} 32. Ne4 {[%clk 00:19:36]} {[%emt 00:01:17]} Kh7
{[%clk 00:01:12]} {[%emt 00:05:06]} 33. Qh5+ {[%clk 00:19:57]} {[%emt
00:00:08]} Kg7 {[%clk 00:01:37]} {[%emt 00:00:06]} 34. Rg4# {[%emt 00:00:04]}
1-0